Central Library OPAC University of Rajshahi

The open society and its enemies / (Record no. 34208)

MARC details
000 -LEADER
fixed length control field 00886nam a2200253 a 4500
001 - CONTROL NUMBER
control field 34208
003 - CONTROL NUMBER IDENTIFIER
rucl marc code BD-RjUL
005 - DATE AND TIME OF LATEST TRANSACTION
control field 20211209052125.0
008 - FIXED-LENGTH DATA ELEMENTS--GENERAL INFORMATION
fixed length control field 140430s1952 enk 000 0 eng
035 ## - SYSTEM CONTROL NUMBER
System control number (BD-RjUL)34302
040 ## - CATALOGING SOURCE
Original cataloging agency DLC
Transcribing agency YBM
Language of cataloging eng
Modifying agency BD-RjUL
041 ## - LANGUAGE CODE
Language code of text/sound track or separate title eng
082 ## - DEWEY DECIMAL CLASSIFICATION NUMBER
Classification number 301
Author mark and year POO V-2 1962
100 1# - MAIN ENTRY--PERSONAL NAME
Personal name Popper, Karl R.
Fuller form of name (Karl Raimund),
Dates associated with a name 1902-1994
9 (RLIN) 290
245 14 - TITLE STATEMENT
Title The open society and its enemies /
Statement of responsibility, etc. by K. R. Popper
Number of part/section of a work Volume II :
Name of part/section of a work The High Tide of Prophecy : Hegel , Marx, And The Aftermath
250 ## - EDITION STATEMENT
Edition statement 4th ed. rev.
260 ## - PUBLICATION, DISTRIBUTION, ETC. (IMPRINT)
Place of publication, distribution, etc. London :
Name of publisher, distributor, etc. Routledge & Kegan Paul,
Date of publication, distribution, etc. 1962.
300 ## - PHYSICAL DESCRIPTION
Pagination v, 420 p. ;
Size 22 cm
504 ## - BIBLIOGRAPHY, ETC. NOTE
Bibliography, etc Includes bibliographical references
505 0# - FORMATTED CONTENTS NOTE
Formatted contents note v. 1. The spell of Plato.--v. 2. The high tide of prophecy: Hegel, Marx, and the aftermath
650 #0 - SUBJECT ADDED ENTRY--TOPICAL TERM
Topical term or geographic name as entry element Social sciences
General subdivision Philosophy
9 (RLIN) 10283
942 ## - ADDED ENTRY ELEMENTS (KOHA)
Source of classification or shelving scheme Dewey Decimal Classification
Koha item type Books
Holdings
Lost status Source of classification or shelving scheme Damaged status Not for loan Collection code Permanent Location Current Location Shelving location Date acquired Source of acquisition Cost, normal purchase price Total Checkouts Full call number Date last seen Copy number Koha item type
  Dewey Decimal Classification   Not For Loan Non-fiction Central Library, University of Rajshahi Central Library, University of Rajshahi Reading Room 06/10/1965 Zeitlinger 30.00   301 POO V-2 1962 14/05/2014 C-1 Books